Countries that Uber operates - Statistics

General Stats
  • This quiz has been taken 47 times
  • The average score is 54 of 69
Answer Stats
Answer % Correct
Spain
100%
United Kingdom
100%
Argentina
97%
Brazil
97%
Canada
97%
Mexico
97%
Portugal
97%
United States
97%
Chile
95%
Denmark
95%
Italy
95%
Japan
95%
Norway
95%
Switzerland
95%
Austria
92%
Belgium
92%
Finland
92%
France
92%
Netherlands
92%
South Korea
92%
Sweden
92%
Australia
89%
Bolivia
89%
Colombia
89%
Estonia
89%
Germany
89%
India
89%
New Zealand
89%
Peru
89%
Poland
89%
Uruguay
89%
Ecuador
86%
Ireland
86%
Lithuania
86%
Panama
86%
Paraguay
86%
South Africa
86%
Czech Republic
84%
Egypt
84%
Turkey
84%
Greece
81%
Morocco
81%
Romania
81%
Slovakia
78%
Taiwan
78%
Bangladesh
76%
Costa Rica
76%
Saudi Arabia
76%
Ukraine
76%
Hungary
73%
Pakistan
73%
United Arab Emirates
73%
Honduras
70%
Israel
70%
El Salvador
65%
Croatia
62%
Jordan
62%
Kenya
59%
Nigeria
59%
Bahrain
57%
Dominican Republic
57%
Qatar
57%
Lebanon
54%
Sri Lanka
43%
Tanzania
43%
Ghana
35%
Uganda
19%
Hong Kong
16%
Macau
8%
No matching quizzes found
Score Distribution
Percent of People with Each Score
Percentile by Number Answered
Your Score History
You have not taken this quiz